000 00411nam a2200145 i 4500
001 87100
003 ES-MaACL
007 t|
008 041220s1914 fr ||||1| fre d
100 1 _aKostylev, Nikolai.
_968649
245 1 3 _aLe mecanisme cerebral de la pensée /
_cpar N. Kostyleff.
260 _aParis :
_b[s.n.,
_c1914] (
_eEvreux :
_fHérissey)
300 _a313 p. ;
_c22 cm.
852 _aES-MaACL
_jB-6623
999 _c87100
_d87100